Typy genetyczne jezior w Polsce - Statystyki

Ogólne statystyki
  • Ten quiz został rozwiązany 9 razy
    8 od ostatniego zresetowania
  • Średni wynik to 10 z 34
Statystyki odpowiedzi
Obrazkowy Odpowiedź % Poprawnych
Przybrzeżne
83%
Rynnowe
67%
Deltowe
50%
Jamno
50%
Krasowe
50%
Morenowe
50%
Morenowe
50%
Rynnowe
50%
rynnowe
50%
rynnowe
50%
Śniardwy
50%
Antropogeniczne
33%
Antropogeniczne
33%
Antropogeniczne
33%
Antropogeniczne
33%
Deltowe
33%
Rynnowe
33%
Wdzydzkie
33%
Białe
17%
Czorsztyńskie
17%
Dąbie
17%
Druzno
17%
Koronowskie
17%
Mamry
17%
Miedwie
17%
Narew
17%
San
17%
Solińskie
17%
Zegrzyńskie
17%
Brda
0%
Dunajec
0%
Gopło
0%
Jeziorak
0%
Wigry
0%
Nie znaleziono quizów pasujących do podanych kryteriów
Rozkład punktacji
Procent ludzi z każdym wynikiem
Percentyl według liczby udzielonych odpowiedzi
Twoja historia wyników
Nie rozwiązałeś tego quizu od ostatniego zresetowania